000 00986nas a2200349 4500
001 BR9704696
003 BR-BrBNA
005 20231205100542.0
007 ta
008 230509b bl.|||p| |||| 00| 00por d
040 _aBR-BrBNA
_bpor
_cBiblioteca Nacional de Agricultura
041 _a(Pt)
072 _aH20
100 1 _aParadela Filho, O.
100 1 _aSugimori, M.H.
100 1 _aRibeiro, I.J.A.
100 1 _aGarcia Junior, A.
100 1 _aBeretta, M.J.G.
100 1 _aHarakawa, R.
100 1 _aMachado, M.A.
100 1 _aLaranjeira, F.F.
100 1 _aRodrigues Neto, J.
100 1 _aBeriam, L.O.S.
245 1 _aConstatacao de Xylella fastidiosa em cafeeiro no Brasil
650 _aCafe
650 _aBacteria
650 _aClorose
650 _aControle Biologico
773 0 _tSumma Phytopathologica (Brazil)
_xISSN 0100-5405
_g(Jan-Mar 1997), v. 23(1) p. 46-49
_wBR9704696
909 _a202311
_bLúcia
_c55
_dLúcia Elande
942 _2AGRIS
_n0
_cANA
999 _c156650
_d156650